Loading...
| Fine Arts - Auditory Fine Arts | 4 | 22.50 | 100% | 75% | 50% |
| Fine Arts - Other Fine Arts | 3 | 10.00 | 100% | 0% | 0% |
| Fine Arts - Visual Fine Arts | 3 | 16.67 | 100% | 67% | 0% |
| History - American History | 5 | 12.00 | 80% | 40% | 0% |
| History - European History | 4 | 17.50 | 100% | 50% | 25% |
| History - Other History | 6 | 20.00 | 100% | 67% | 33% |
| History - World History | 3 | 26.67 | 100% | 100% | 67% |
| Literature - American Literature | 2 | 10.00 | 100% | 0% | 0% |
| Literature - British Literature | 2 | 25.00 | 100% | 100% | 50% |
| Literature - European Literature | 7 | 21.43 | 100% | 100% | 14% |
| Literature - World Literature | 4 | 10.00 | 100% | 0% | 0% |
| Mythology | 5 | 20.00 | 100% | 80% | 20% |
| Other Academic | 1 | 10.00 | 100% | 0% | 0% |
| Philosophy | 5 | 14.00 | 80% | 60% | 0% |
| Pop Culture | 4 | 17.50 | 100% | 50% | 25% |
| Religion | 4 | 15.00 | 100% | 25% | 25% |
| Science - Biology | 5 | 10.00 | 80% | 20% | 0% |
| Science - Chemistry | 4 | 22.50 | 75% | 100% | 50% |
| Science - Other Science | 7 | 17.14 | 100% | 57% | 14% |
| Science - Physics | 3 | 16.67 | 100% | 67% | 0% |
| Social Science | 4 | 7.50 | 75% | 0% | 0% |